000 00607nam a22002057a 4500
003 LC
005 20160310150858.0
008 130912t xxu||||| |||| 00| 0 eng d
020 _a9780062088123
050 _aPS 3560.
_b.J33 2001
082 _aFIC
_bJ25b 2001
100 _aJance, Judith A.
_918515
245 _aBirds of prey :
_ba novel of suspense
_cJudith A. Jance
260 _aNew York :
_bAvon Books,
_cc2001.
300 _a404 p.
_c17 cm.
650 _aBeaumont, J. P. (Fictitious character) -- Fiction.
650 _aEx-police officers -- Fiction.
942 _2lcc
_cBK
999 _c10989
_d10989